000 00366nam a2200133 4500
005 20250623093422.0
008 u
050 _aBR1161
_bLAT
100 _aLATOURETTE SCOTT KENNETH
245 _aA HISTORY OF THE EXPANSION OF CHRISTIANITY;
_bTHE THOUSAND YEARS OF UNCERTAINTY AD;500-A.D
260 _aMICHIGAN
_bZONDERVAN
_cc1966
300 _aix, 492p
942 _2lcc
_cBK
_n0
999 _c6625
_d6625